LIBRARY & INFORMATION CENTRE, KCAET, TAVANUR

ONLINE PUBLIC ACCESS CATALOGUE (OPAC)

Food hygiene and toxicology / (Record no. 13114)

MARC details
000 -LEADER
fixed length control field 00455cam a2200181ua 4500
041 ## - LANGUAGE CODE
Language code of text/sound track or separate title eng
082 ## - DEWEY DECIMAL CLASSIFICATION NUMBER
Classification number 613.06
Item number AHL/FO
100 ## - MAIN ENTRY--AUTHOR NAME
Personal name Ahlluwalia, Vikas .
245 ## - TITLE STATEMENT
Title Food hygiene and toxicology /
260 ## - PUBLICATION, DISTRIBUTION, ETC. (IMPRINT)
Place of publication New delhi :
Name of publisher Paragon International ,
Year of publication 2007.
300 ## - PHYSICAL DESCRIPTION
Number of Pages 276 ; .
942 ## - ADDED ENTRY ELEMENTS (KOHA)
Koha item type Books
Holdings
Withdrawn status Lost status Damaged status Home library Current library Date acquired Full call number Accession Number Koha item type
      KAUAET KAUAET 07/04/2012 613.06 AHL/FO 21310 Books
      KAUAET KAUAET 07/04/2012 613.06 21565 Books
free website counter